00737nam a2200253 a 450000100060000000300100000600500170001600800410003303500190007404000290009304100080012208200280013010000170015824500640017525000130023926000360025230000290028849000310031750000210034865000250036965000410039470000170043583000310045268792(BD-RjUL)20211209081818.0731102s1987 caua 001 0 eng  a(BD-RjUL)69003 aDLCc(BD-RjUL)dDLCbeng aeng00223a621.38132bMIE 19871 aMithal, G.K.10aElectronic devices and circuits;cG.K. Mithal & Ravi Mittal a14th ed. aNew Delhi :bKhanna Pub.cc1987 a718 p. :bill. ;c25 cm. aApplied Electronics Vol. I aIncludes Index.  0aElectronic circuits. 0aElectronic apparatus and appliances. aMittal, Ravi aApplied Electronics Vol. I